00263pam a2200109 a 4500020000500000041000500005082001100010100002400021245004100045260005900086300000800145 c h a927.92 aCHAPLIN (C)eauthor aMy Autobiography hTextual Document bPenguin Books India Pvt. Ltd. New Delhi , Londonc1996 a493